LIBRARY & INFORMATION CENTRE, KCAET, TAVANUR

ONLINE PUBLIC ACCESS CATALOGUE (OPAC)

Agricultural Business Management (Record no. 14278)

MARC details
000 -LEADER
fixed length control field 00301nam a22001217a 4500
020 ## - INTERNATIONAL STANDARD BOOK NUMBER
ISBN 9789350978825
082 ## - DEWEY DECIMAL CLASSIFICATION NUMBER
Classification number 658
Item number NAG/AG
100 ## - MAIN ENTRY--AUTHOR NAME
Personal name Nagaraja Murthy,H.L
245 ## - TITLE STATEMENT
Title Agricultural Business Management
260 ## - PUBLICATION, DISTRIBUTION, ETC. (IMPRINT)
Place of publication New Delhi
Name of publisher Himalaya Publishing House
Year of publication 2013
300 ## - PHYSICAL DESCRIPTION
Number of Pages 412
942 ## - ADDED ENTRY ELEMENTS (KOHA)
Koha item type Books
Holdings
Withdrawn status Lost status Damaged status Collection code Home library Current library Shelving location Date acquired Source of acquisition Cost, normal purchase price Full call number Accession Number Koha item type
        KAUAET KAUAET General Stacks 10/06/2016 Professional Books Cochin 298.00 658 NAG/AG 24236 Books
free website counter